The Rightmove house price index (Record no. 105808)

MARC details
000 -LEADER
fixed length control field 01285cam a2200229 4500
001 - CONTROL NUMBER
control field ##L134805
008 - FIXED-LENGTH DATA ELEMENTS--GENERAL INFORMATION
fixed length control field 060904n2006 000 0 eng u
035 ## - SYSTEM CONTROL NUMBER
System control number (Sirsi) u134805
041 0# - LANGUAGE CODE
Language code of text/sound track or separate title eng
050 04 - LIBRARY OF CONGRESS CALL NUMBER
Classification number 333.33 $2 18
110 2# - MAIN ENTRY--CORPORATE NAME
Corporate name or jurisdiction name as entry element Rightmove
245 04 - TITLE STATEMENT
Title The Rightmove house price index
Remainder of title August edition
260 ## - PUBLICATION, DISTRIBUTION, ETC.
Place of publication, distribution, etc. London
Name of publisher, distributor, etc. Rightmove
Date of publication, distribution, etc. 2006
490 #0 - SERIES STATEMENT
Series statement Rightmove House Price Index
Volume/sequential designation 21 August 2006
520 ## - SUMMARY, ETC.
Summary, etc. Shows trends in asking prices up to 12 August 2006. The average asking price fell by 1.6% as the mini-boom in southern England ran out of steam and this is the earliest indicator that prices are past their peak for 2006. The average property asking price now stands at £214 040. Seasonal slowdown and worsening affordability signal a return to a more realistic market. The average time on the market lengthened to 81 from 78 days and unsold property stocks per agent were up from 64 to 65. Annual house price inflation growth has fallen back to 9%.
590 ## - LOCAL NOTE (RLIN)
Local note IKA050906
650 24 - SUBJECT ADDED ENTRY--TOPICAL TERM
Topical term or geographic name entry element RIGHTMOVE HOUSE PRICE INDEX
651 #4 - SUBJECT ADDED ENTRY--GEOGRAPHIC NAME
Geographic name England and Wales
Chronological subdivision 1543-
690 ## - LOCAL SUBJECT ADDED ENTRY--TOPICAL TERM (OCLC, RLIN)
Topical term or geographic name as entry element PROPERTY-RESIDENTIAL PROPERTY-RESIDENTIAL PROPERTY MARKET
856 40 - ELECTRONIC LOCATION AND ACCESS
Uniform Resource Identifier <a href="https://www.rightmove.co.uk">https://www.rightmove.co.uk</a>
Public note View the house price index free of charge at www.rightmove.co.uk...
942 ## - ADDED ENTRY ELEMENTS (KOHA)
Suppress in OPAC 0
Holdings
Withdrawn status Lost status Source of classification or shelving scheme Damaged status Not for loan Home library Current library Shelving location Date acquired Total Checkouts Full call number Barcode Date last seen Copy number Price effective from Koha item type
    Dewey Decimal Classification     Virtual Virtual Online 04/09/2006   ONLINE PUBLICATION 134805-2001 06/08/2019 1 06/08/2019 Book